Vista normal
Vista MARC
Entrada Materia (personas)
Número de registros utilizados en: 1
001 - CONTROL NUMBER
- control field: 91402
003 - CONTROL NUMBER IDENTIFIER
- control field: Co-BoUCM
005 - DATE AND TIME OF LATEST TRANSACTION
- control field: 20180215155934.0
008 - FIXED-LENGTH DATA ELEMENTS
- fixed length control field: 180215|| aca||aabn | a|a d
040 ## - CATALOGING SOURCE
- Original cataloging agency: Co-BoUCM
- Transcribing agency: Co-BoUCM
100 ## - HEADING--PERSONAL NAME
- Personal name: Boulenger, A.
- Dates associated with a name: 1868-
- Fuller form of name: Auguste
670 ## - SOURCE DATA FOUND
- Source citation: Work cat.: (Co-BoUCM): Boulenger, A. 1868- Auguste, La doctrine catholique ... Cours Supérieur Première Partie. Le Dogme (Symbole des Apôtres) Seconde Partie. La Morale (Commandements de Dieu et de l’Église) Troisième et Quatrième Parties. Les moyens de sanctification. La liturgie, 1923